Earth observation and aerial surveys (Record no. 121344)
[ view plain ]
| 000 -LEADER | |
|---|---|
| fixed length control field | 02130nam a22003017a 4500 |
| 008 - FIXED-LENGTH DATA ELEMENTS--GENERAL INFORMATION | |
| fixed length control field | 230131s2021 xxk|||||o|||| 00| 0 eng d |
| 020 ## - INTERNATIONAL STANDARD BOOK NUMBER | |
| ISBN | 9781783214426 |
| 041 ## - LANGUAGE CODE | |
| Language code of text/sound track or separate title | eng |
| 110 ## - MAIN ENTRY--CORPORATE NAME | |
| Corporate author | Royal Institution of Chartered Surveyors |
| 245 ## - TITLE STATEMENT | |
| Title | Earth observation and aerial surveys |
| Subtitle | Global RICS Guidance Note |
| Medium | [Electronic resource] |
| 260 ## - PUBLICATION INFORMATION | |
| Place of publication | London, |
| Publisher | Royal Institution of Chartered Surveyors, |
| Date | 2021 |
| 300 ## - PHYSICAL DESCRIPTION | |
| Physical description | 72p. |
| 490 ## - SERIES TITLE | |
| Series statement | RICS guidance note |
| 490 ## - SERIES TITLE | |
| Series statement | RICS Professional Standard |
| 520 ## - ABSTRACT | |
| Abstract | Effective from 4 January 2022. |
| 520 ## - ABSTRACT | |
| Abstract | This guidance note is intended for use by land, sea, engineering and environmental professionals who are acting in an advisory capacity, and by survey-knowledgeable clients who specify their own surveys. It is also intended to be used by earth observation and aerial survey specialists. |
| 520 ## - ABSTRACT | |
| Abstract | This guidance note incorporates a full revision of Vertical aerial photography and digital imagery (5th edition), RICS guidance note. New sections on LiDAR and hyperspectral, bathymetric LiDAR, multispectral and thermal imaging systems have been added. The following topics are covered in this guidance note: <br/>Pre-project considerations, including the different data capture platforms available and planning requirements<br/>The techniques of aerial photography, LiDAR, sensing in the non-visible part of the electromagnetic spectrum and earth observation<br/>Future developments in earth observation and aerial survey techniques. |
| 520 ## - ABSTRACT | |
| Abstract | This document was reissued in January 2023 as a professional standard. It was previously published in September 2021 as a guidance note. The regulatory requirements remain the same |
| 650 ## - KEYWORDS | |
| Keywords | Geospatial |
| 650 ## - KEYWORDS | |
| Keywords | Aerial Photography |
| 650 ## - KEYWORDS | |
| Keywords | Aerial Surveys |
| 651 ## - SUBJECT ADDED ENTRY--GEOGRAPHIC NAME | |
| Geographic name | International |
| 690 ## - BROAD SUBJECT | |
| 9 (RLIN) | 6243 |
| Broad subject | Geospatial |
| 700 ## - ADDED PERSONAL NAME | |
| Added personal author | Jamieson, Allan |
| 710 ## - ADDED CORPORATE NAME | |
| Added corporate author | Royal Institution of Chartered Surveyors |
| 856 ## - ONLINE RESOURCE | |
| Uniform Resource Identifier | <a href="https://www.rics.org/profession-standards/rics-standards-and-guidance/sector-standards/land-standards/earth-observation-and-aerial-surveys">https://www.rics.org/profession-standards/rics-standards-and-guidance/sector-standards/land-standards/earth-observation-and-aerial-surveys</a> |
| Public note | Available free on RICS.org |
| 942 ## - ADDED ENTRY ELEMENTS (KOHA) | |
| Suppress in OPAC | Do not suppress in OPAC |
| Lost status | Source of classification or shelving scheme | Damaged status | Not for loan | Current library | Shelving location | Date acquired | Total Checkouts | Date last seen | Price effective from | Koha item type |
|---|---|---|---|---|---|---|---|---|---|---|
| Dewey Decimal Classification | Virtual | Online | 31/01/2023 | 25/04/2023 | 31/01/2023 | Online material |